| 000 | 00769nam a22002657a 4500 | ||
|---|---|---|---|
| 001 | 000000002 | ||
| 003 | OSt | ||
| 005 | 20260601171014.0 | ||
| 008 | 260505b2009\\\\cc\|||||\||||\00|\0\eng\d | ||
| 020 | _a9787811136890 | ||
| 040 |
_aICI _bSPA _cICI |
||
| 041 | _achi | ||
| 050 |
_aHN740.Z9 _bC48 2007 |
||
| 082 | _a307.14 223 | ||
| 100 |
_aZhang, Chunxian, _eautor _933548 |
||
| 245 |
_aLotus Prize : harmonious & innovative community / _cZhang Chunxian |
||
| 260 |
_aChina _b[s.n.] _c2007 |
||
| 300 |
_a226 _bilustraciones _c24 cm |
||
| 650 |
_aDesarrollo comunitario _933549 |
||
| 650 |
_aInnovación social _933550 |
||
| 650 |
_aPolítica social _933551 |
||
| 650 |
_aDesarrollo urbano sostenible _933552 |
||
| 650 | _aPlanificación urbana | ||
| 942 |
_2lcc _cB _n1 |
||
| 999 |
_c20606 _d20606 |
||